MDQL
is popping MORE tags! Check the
thread
!
Quizzes
Events
Quiz Creation
Community
Videos
Private Events
Remove Ads
Sign In
Join for FREE
Feedback
Dark Mode
Quiz Categories
Sports
Geography
Music
Movies
Television
Just For Fun
Miscellaneous
History
Literature
Language
Science
Gaming
Entertainment
Religion
Holiday
For Kids
Quiz Lab
Recent
Popular Today
Quiz Kudos Today
Editor Picks
Curator Picks
Quizzes by...
Day
Popularity
Type
Ratings
Length
Year
Community
Subscriptions
Recent Discussions
Orange Saloon
Badges
Playlists
Quests
Create
Leaderboards
Showdown
Live 5
Trivia Bingo
Activity
Puzzle Library
Sporcle Events
Private Events
Virtual Trivia
Globe League
Become a Host
Pub Owners
SporcleCon
Opinionation
Our Games
Videos
Blog
Mobile Apps
Partnerships
Remove Ads and Go Orange
Feedback
Music
Pop Music
The Beatles
Song
Album
Lyrics
Bands
Singers
Artist
Clip
Rock
Rap
Classical
Billboard
Country Music
Kpop
Taylor Swift
Music
Pop Music
The Beatles
Song
Album
Lyrics
Bands
Singers
Artist
Clip
Rock
Rap
Classical
Billboard
Country Music
Kpop
Taylor Swift
Random Quiz
Search Sporcle
×
Quiz Lab
Quiz Lab
Music
Album
Type in answers that appear in a list
Type in answers that appear in a list
Classic
Best Score? Go Orange.
2Pac Songs (Only From The 90's) Stats
Can you name the 90's songs by 2Pac?
By
gt110
16m
158 Questions
1,092 Plays
1,092 Plays
1,092 Plays
Comments
Comments
Give Quiz Kudos
Give Quiz Kudos
-
- Ratings
hide this ad
Replay
Link that replays current quiz
Next Quiz
Link to next quiz in quiz playlist
You Got
0%
They Got
Avg Score
26%
Avg Friend Score
Upgrade to see
Score Distribution
Jump to the score distribution portion of the page
Score
0/158
Timer
16:00
0
Plays Today
Album
Song
% Correct
All Eyez On Me
California Love (Remix)
75%
Greatest Hits
California Love
75%
Me Against The World
Dear Mama
74.3%
Greatest Hits
Dear Mama
74.3%
All Eyez On Me
All Eyez On Me
74%
Me Against The World
Me Against The World
72.5%
Greatest Hits
Me Against The World
72.5%
2Pacalypse Now
Brenda's Got A Baby
71.6%
Greatest Hits
Brenda's Got A Baby
71.6%
Makaveli -
The Don Killuminati: The 7 Day Theory
Hail Mary
68.7%
Greatest Hits
Hail Mary
68.7%
Greatest Hits
Changes
66.6%
Strictly 4 My N.I.G.G.A.Z.
Keep Ya Head Up
63.1%
Greatest Hits
Keep Ya Head Up
63.1%
Greatest Hits
Hit 'Em Up
58.8%
Strictly 4 My N.I.G.G.A.Z.
I Get Around
53.8%
Greatest Hits
I Get Around
53.8%
All Eyez On Me
Ambitionz Az A Ridah
49.1%
All Eyez On Me
2 Of Amerikaz Most Wanted
47.3%
Greatest Hits
2 Of Amerikaz Most Wanted
47.3%
All Eyez On Me
Life Goes On
46.7%
Greatest Hits
Life Goes On
46.7%
Me Against The World
So Many Tears
46.5%
Greatest Hits
So Many Tears
46.5%
All Eyez On Me
How Do U Want It
46.2%
Greatest Hits
How Do U Want It
46.2%
All Eyez On Me
Only God Can Judge Me
45.7%
All Eyez On Me
Picture Me Rollin'
45%
Greatest Hits
Picture Me Rollin'
45%
All Eyez On Me
All About U
44.5%
Makaveli -
The Don Killuminati: The 7 Day Theory
To Live & Die In L.A.
44.5%
Greatest Hits
All About U
44.5%
Greatest Hits
To Live & Die In L.A.
44.5%
All Eyez On Me
Can't C Me
43.9%
All Eyez On Me
I Ain't Mad At Cha
43.5%
Greatest Hits
I Ain't Mad At Cha
43.5%
Me Against The World
Temptations
42.2%
Greatest Hits
Temptations
42.2%
2Pacalypse Now
Trapped
40.8%
Greatest Hits
Trapped
40.8%
Makaveli -
The Don Killuminati: The 7 Day Theory
Toss It Up
38.3%
Greatest Hits
Toss It Up
38.3%
All Eyez On Me
Thug Passion
35.5%
Still I Rise
Still I Rise
34.2%
R U Still Down? (Remember Me)
R U Still Down? (Remember Me)
33.7%
Me Against The World
Old School
33.2%
Makaveli -
The Don Killuminati: The 7 Day Theory
Me And My Girlfriend
32.4%
R U Still Down? (Remember Me)
Do For Love
32.4%
All Eyez On Me
Shorty Wanna Be A Thug
31.5%
Me Against The World
If I Die 2nite
31.2%
Me Against The World
Outlaw
31%
All Eyez On Me
Heartz Of Men
30.2%
Greatest Hits
Heartz Of Men
30.2%
Album
Song
% Correct
Thug Life
How Long Will They Mourn Me?
29.6%
Greatest Hits
How Long Will They Mourn Me?
29.6%
All Eyez On Me
Holla At Me
29.5%
Strictly 4 My N.I.G.G.A.Z.
Holla If Ya Hear Me
29.3%
All Eyez On Me
Heaven Ain't Hard 2 Find
29.1%
Makaveli -
The Don Killuminati: The 7 Day Theory
Bomb First (My Second Reply)
28.9%
Strictly 4 My N.I.G.G.A.Z.
Strictly 4 My N.I.G.G.A.Z.
28.8%
All Eyez On Me
Tradin War Stories
28.7%
Me Against The World
Death Around The Corner
28.5%
Me Against The World
**** The World
27.5%
Greatest Hits
Troublesome '96
27.4%
Me Against The World
Lord Knows
27.3%
All Eyez On Me
Got My Mind Made Up
26.8%
2Pacalypse Now
I Don't Give A ****
26.1%
All Eyez On Me
When We Ride
25.8%
All Eyez On Me
No More Pain
25.5%
All Eyez On Me
Skandalouz
25.2%
Makaveli -
The Don Killuminati: The 7 Day Theory
Krazy
24.9%
All Eyez On Me
Ain't Hard 2 Find
24.7%
Greatest Hits
Unconditional Love
24.4%
All Eyez On Me
Wonder Why They Call U Bitch
23.7%
Me Against The World
Can U Get Away
23.3%
2Pacalypse Now
If My Homie Calls
23.2%
All Eyez On Me
Check Out Time
23.1%
All Eyez On Me
Ratha Be Ya ****
22.7%
Makaveli -
The Don Killuminati: The 7 Day Theory
Blasphemy
22.7%
Makaveli -
The Don Killuminati: The 7 Day Theory
White Man's World
22.5%
Me Against The World
It Ain't Easy
22.3%
Strictly 4 My N.I.G.G.A.Z.
Papa'z Song
21.8%
Thug Life
Str8 Ballin
21.8%
Thug Life
Pour Out A Little Liquor
21.7%
R U Still Down? (Remember Me)
I Wonder If Heaven Got A Ghetto
21.4%
All Eyez On Me
Run Tha Streetz
21.2%
Makaveli -
The Don Killuminati: The 7 Day Theory
Against All Odds
21.2%
Thug Life
Bury Me A G
19.6%
R U Still Down? (Remember Me)
Hellrazor
19.4%
2Pacalypse Now
Violent
19.3%
Me Against The World
Heavy In The Game
19.2%
Me Against The World
Young Niggaz
19.2%
2Pacalypse Now
Young Black Male
18.6%
Thug Life
Cradle To The Grave
18.6%
All Eyez On Me
What'z Ya # Number
17.9%
Greatest Hits
God Bless The Dead
17.2%
Still I Rise
Baby Don't Cry (Keep Ya Head Up II)
17%
2Pacalypse Now
Part Time Mutha
16.9%
Makaveli -
The Don Killuminati: The 7 Day Theory
Just Like Daddy
16.2%
Makaveli -
The Don Killuminati: The 7 Day Theory
Hold Ya Head
15.6%
2Pacalypse Now
Soulja's Story
15.5%
Still I Rise
Letter To The President
14.8%
Makaveli -
The Don Killuminati: The 7 Day Theory
Life Of An Outlaw
14.2%
Strictly 4 My N.I.G.G.A.Z.
5 Deadly Venomz
14.1%
Thug Life
Under Pressure
13.5%
2Pacalypse Now
Words Of Wisdom
13.3%
Album
Song
% Correct
R U Still Down? (Remember Me)
Nothing To Lose
11.4%
2Pacalypse Now
Rebel Of The Underground
11.2%
Still I Rise
Killuminati
10.9%
Strictly 4 My N.I.G.G.A.Z.
Peep Game
10.7%
2Pacalypse Now
Crooked Ass ****
10.4%
Strictly 4 My N.I.G.G.A.Z.
Last Wordz
10.4%
Thug Life
Stay True
9.8%
2Pacalypse Now
Tha Lunatic
9.7%
Strictly 4 My N.I.G.G.A.Z.
Representin '93
9.4%
Thug Life
**** Don't Stop
9.4%
2Pacalypse Now
Something Wicked
9.3%
Thug Life
Street Fame
9.3%
Strictly 4 My N.I.G.G.A.Z.
Point The Finga
9.2%
R U Still Down? (Remember Me)
**** All Y'all
9%
Strictly 4 My N.I.G.G.A.Z.
The Streetz R Deathrow
8.9%
Still I Rise
Teardrops And Closed Caskets
8.7%
R U Still Down? (Remember Me)
16 On Death Row
8.2%
Strictly 4 My N.I.G.G.A.Z.
Souljah's Revenge
8.1%
R U Still Down? (Remember Me)
Open Fire
8.1%
Still I Rise
Black Jesus
8%
R U Still Down? (Remember Me)
When I Get Free
7.9%
Still I Rise
Tattoo Tears
7.6%
R U Still Down? (Remember Me)
Thug Style
7.5%
Still I Rise
The Good Die Young
7.5%
Strictly 4 My N.I.G.G.A.Z.
Pac's Theme (Interlude)
7.1%
Strictly 4 My N.I.G.G.A.Z.
Strugglin'
6.7%
Thug Life
Don't Get It Twisted
6.5%
R U Still Down? (Remember Me)
I'm Gettin Money
6%
Still I Rise
Secretz Of War
5.9%
Strictly 4 My N.I.G.G.A.Z.
Guess Who's Back
5.8%
R U Still Down? (Remember Me)
Redemption
5.4%
R U Still Down? (Remember Me)
Definition Of A Thug ****
5.4%
Still I Rise
Hell 4 A Hustler
5.4%
Still I Rise
High Speed
5.4%
R U Still Down? (Remember Me)
Lie To Kick It
4.7%
R U Still Down? (Remember Me)
When I Get Free II
4.7%
R U Still Down? (Remember Me)
Fake Ass Bitches
4.6%
Still I Rise
Homeboyz
4.6%
Still I Rise
As The World Turns
4.5%
R U Still Down? (Remember Me)
Hold On Be Strong
4.2%
R U Still Down? (Remember Me)
Nothin But Love
3.6%
R U Still Down? (Remember Me)
Ready 4 Whatever
3.2%
R U Still Down? (Remember Me)
Black Starry Night (Interlude)
3%
R U Still Down? (Remember Me)
I Wonder If Heaven Got A Ghetto (Hip-Hop Version)
2.8%
R U Still Down? (Remember Me)
Let Them Thangs Go
2.7%
R U Still Down? (Remember Me)
Enemies With Me
2.7%
R U Still Down? (Remember Me)
Where Do We Go From Here (interlude)
2.6%
R U Still Down? (Remember Me)
I'm Losing It
2.5%
Strictly 4 My N.I.G.G.A.Z.
Something 2 Die 4 (Interlude)
2%
Still I Rise
Y'all Don't Know Us
2%
Still I Rise
U Can't Be Touched
1.4%
R U Still Down? (Remember Me)
Only Fear Of Deah
1.2%
Quiz Playlist
Details
Report
Send in Message
Add To Playlist
Classic:
Type in answers that appear in a list
Last Updated: Apr 25, 2017
Quiz Scoreboard
CHALLENGE
Sign Up to Join the Scoreboard
Show All
Scores
Hide
Comments
May contain spoilers
Recently Published
Find the 'City' Movie
by crazypaving
Movies
60s
5x2 Blitz: Bands
by SL_Kpop136
Music
30s
Colored Red Africa Blitz
by spor1
Geography
30s
More to Explore
Quiz From the Vault
Featured Blog Post
14 Easter Pick-up Lines to Find Eggs With
hide this ad
You Might Also Like...
Tags
Album Quiz
Song Quiz
2Pac
Today's Top Quizzes in Music
Browse Music
hide this ad
Today's Top Quizzes in Album
Browse Album
Top Contributed Quizzes in Music
1
5X2 Blitz: Bands II
2
Taylor Swift All Songs (2024)
3
Taylor Swift Logic Puzzle II
4
5X2 Blitz: The Beatles
5
5X2 Blitz: Billboard
6
Taylor Swift Logic Puzzle
7
5X2 Blitz: Billboard II
8
5X2 Blitz: Album
9
5X2 Blitz: Singers
10
Music Artist by Three 2010s hits
Explore More
Trending Topics
NBA
Kpop
Harry Potter
Marvel
Disney
Anime
Crossword
Song
Puzzle
NFL
Soccer
WWE
The Office
Pokémon
Country
hide this ad
More By:
gt110
Quiz
Plays
Rating
Category
Featured
Created
Name That Rapper
171,936
3.66
Music
Sep 24, 2009
Eminem Albums
22,073
4.05
Music
Sep 24, 2009
Winners of Le Mans (Car Brands)
3,593
4.00
Sports
Sep 24, 2009
COD Modern Warfare 2: Perks & Streaks
2,970
3.86
Gaming
Dec 1, 2009
Eminem Songs
2,022
3.14
Music
Oct 3, 2009
Go to Creator's Profile
Score Distribution
Quiz Creator Spotlight
gt110
Follow
Send a Message
Quizzes Created
-
Created Quiz Play Count
-
More By This Creator
Popular Quizzes Today
1
Colored Red Africa Blitz
2
Find the US States - No Outlines Minefield
3
Find the 'City' Movie
4
5x2 Blitz: Bands
5
The Countries of the World
6
Find the US States
7
US States
8
9x9 Crossword: Cartoon Network
More Music Quizzes
Around the world with Yo-Yo Ma
Curator's Pick
Trending Quizzes
Colored Red Europe Blitz I
Colored Red Europe Blitz II
Colored Red Africa Blitz II
Colored Red Africa Blitz III
Colored Red Europe Blitz III
Recently Updated
Godzilla Movies
pecheneg
Grab Bag: 4-10 Letters
pecheneg
2024 March Madness Bracket
pecheneg
Famous TV Couples
Peacemaker
Champions League XIs: Real Madrid
pecheneg
Largest US Cities 1790-2010
pecheneg
Rides in Walt Disney World
pecheneg
Most Oscar Losses (Acting)
pecheneg
Beyoncé Albums
pecheneg
Leaping Animals
pecheneg
Trending Topics
Anime
Kpop
Crossword
Disney
NBA
Marvel
Harry Potter
Soccer
Pokémon
NFL
Puzzle
The Office
Song
Country
WWE
Your Account Isn't Verified!
In order to create a playlist on Sporcle, you need to verify the email address you used during registration. Go to your
Sporcle Settings
to finish the process.
Report this User
Report this user for behavior that violates our
Community Guidelines
.
Details:
Send Report
Go to the Sporcle.com Mobile Site →
Comments